[Event "Belgrade Investbank"]
[Site "Belgrade"]
[Date "1995.??.??"]
[Round "11"]
[White "Adams, Michael"]
[Black "Shirov, Alexei"]
[Result "1-0"]
[WhiteElo "2660"]
[BlackElo "2695"]
[Annotator "Stohl,I"]
[PlyCount "57"]
[EventDate "1995.11.??"]
[EventType "tourn"]
[EventRounds "11"]
[EventCountry "YUG"]
[EventCategory "17"]
[SourceTitle "CBM 051"]
[Source "ChessBase"]
[SourceDate "1996.04.01"]
[SourceVersion "1"]
[SourceVersionDate "1996.04.01"]
[SourceQuality "1"]

1. e4 g6 2. d4 Bg7 3. Nc3 c6 4. Be3 (4. h4 $5 d5 5. e5 h5 6. Bd3 Nh6 7. f3 Bf5
8. Nce2 c5 9. c3 Nc6 10. Ng3 Bxd3 11. Qxd3 cxd4 12. cxd4 Qb6 13. N1e2 Nb4 14.
Qc3 O-O 15. a3 Nc6 16. Bf4 f6 17. Qd3 $40 {Tagnon,N-Rause,O/Hastings
Challengers/1996/}) 4... Qb6 $5 (4... e6 $2 5. Be2 Ne7 6. h4 f5 7. h5 fxe4 8.
Nxe4 d5 9. h6 Bf8 10. Nf6+ Kf7 11. Bg5 Nd7 12. Ng4 Qa5+ 13. c3 Nf5 14. Nf3 Be7
15. Nfe5+ Nxe5 16. Nxe5+ Ke8 17. Bxe7 Nxe7 18. Qd3 $16 {Skibbe,H-Zachau,W/
Balatonbereny op/1992/}) (4... a5 $6 5. Qd2 a4 6. Nf3 d6 7. Be2 Bg4 8. O-O e6
9. Rad1 d5 10. exd5 exd5 11. Rfe1 Nf6 12. Ne5 Bxe2 13. Rxe2 O-O 14. Rde1 Qb6
15. Bg5 Ne4 16. Nxe4 dxe4 17. Nc4 Qa6 18. Nd6 f6 19. Bh6 f5 20. Bxg7 Kxg7 21.
f3 $40 {Birk,S-Gabriel,J/2.BLS 9293/1993/}) (4... Nf6 5. Be2 Qa5 6. Qd2 d6 7.
O-O-O Ng4 8. Bxg4 Bxg4 9. f3 Be6 10. Kb1 Na6 11. Nge2 Bc4 12. Bh6 Bxh6 13. Qxh6
b5 14. Nc1 b4 15. N3e2 Nc7 16. h4 Bxe2 17. Nxe2 Qb5 18. Nc1 O-O-O 19. Rhe1 a5
20. Ne2 Kb7 $10 {Howell,J-McNab,C/Hastings 9495/1994/}) 5. Rb1 $146 (5. Na4 $6
Qa5+ 6. c3 d6 7. b4 Qc7 8. Nf3 Nf6 9. Bd3 O-O 10. O-O Nbd7 11. Qc2 b6 12. Nb2
c5 13. bxc5 bxc5 14. Nc4 d5 $1 15. exd5 Nxd5 16. Rab1 Rb8 17. Qd2 Ba6 18. Rbc1
Rbd8 19. Rfe1 Nxe3 20. Qxe3 e6 21. Red1 Nf6 $15 {[%csl Ga6,Gf6] ^^,->[+],Zude,
A-Bologan,V/BL 9495/1995/}) 5... d6 6. Nf3 Nf6 7. Be2 Qc7 8. O-O Nbd7 9. a4 O-O
10. Nd2 e5 (10... b6 11. f4 {[%csl Gd4,Ge4,Gf4] ()[+]}) 11. dxe5 dxe5 $6 {
White's pieces are much better placed for the arising symmetrical position.
Paradoxically, the d6-square is weaker, than a Pd6.} (11... Nxe5 $142 12. h3
Re8 $132 {[%cal Ge8e4] <->e}) 12. Nc4 Rd8 (12... Ne8 13. Qd2 $36) 13. Qd6 $1
Ne8 (13... Qxd6 14. Nxd6 Bf8 15. Rfd1 {[%cal Ye2c4] /\Bc4+/-}) 14. Qxc7 Nxc7
15. Nd6 Ne6 16. Bc4 (16. Nxc8 Rdxc8 17. Rfd1 Nd4 $10) 16... Nb6 17. Bxe6 Rxd6
$8 (17... Bxe6 $2 18. Nxb7 $18) (17... fxe6 $2 18. Nxc8 Nxc8 19. Rfd1 $16 {
[%csl Re5,Re6,Rg7][%cal Gd1d8] ><e6,e5,Bg7,<->d The endgame with the bad B and
crippled pawns would be one-sided.}) 18. Bb3 (18. Bxc8 Rxc8 19. a5 Nc4 $10)
18... Nd7 (18... Be6 $6 19. Bc5 Rd7 20. Bxe6 $16) 19. Rbd1 Bf8 20. Nb1 $1 {
[%cal Yb1a3,Ya3c4,Gd1d6] /\Na3-c4,<->d} Rxd1 $6 {Now Black doesn't get his
Queen-side pieces into play on time. He should have done something for his
development.} (20... Nf6 $142 21. Rxd6 Bxd6 22. Rd1 (22. f4 $6 exf4 23. Bxf4
Nxe4 24. Bxd6 Nxd6 25. Rf6 Be6 26. Bxe6 fxe6 27. Rxe6 Rd8 $10) 22... Nxe4 (
22... Bc7 23. f3 $36) 23. Nc3 $1 (23. f3 $2 Bc5) 23... Nxc3 24. Rxd6 Nd5 (24...
Ne4 25. Rd8+ Kg7 26. f4 $16) 25. Bxd5 cxd5 26. Rxd5 Be6 27. Rxe5 Rc8 28. c3 $14
) 21. Rxd1 $16 Kg7 (21... Nf6 22. Rd8 {[%cal Re3g5,Rg5h6] /\Bh6,Bg5+-}) 22. Na3
Bxa3 (22... Be7 23. Nc4 f6 24. Nd6 $16) 23. bxa3 {[%csl Gb3,Ge3] ^^->@} Kf8 (
23... Nf6 $142 $5 24. f3 (24. Rd8 b6 $5 $16) 24... Be6 (24... b6 25. Rd6 Bb7
26. Bg5 $18) 25. Bxe6 fxe6 26. a5 $16) 24. a5 Ke7 (24... b6 25. Rd6 c5 26. Bg5
bxa5 27. Ba4 $18) 25. f4 $1 {Opening the position for the B-pair with a huge
lead in development is decisive.} Nf6 (25... exf4 26. Bxf4 f6 27. Bd6+ Ke8 28.
Rf1 $1 b6 29. e5 $1 fxe5 30. Rf7 $18) 26. fxe5 Nxe4 27. Rd4 $18 Bf5 (27... Nc5
28. Bg5+ $18) (27... f5 28. exf6+ Nxf6 29. Bg5 Bf5 (29... Be6 30. Re4 $1 $18)
30. g4 $18) 28. g4 c5 29. Rc4 (29. Rc4 Bxg4 30. Rxe4 $18) 1-0

[Event "RUS-chT 03rd"]
[Site "Kazan"]
[Date "1995.??.??"]
[Round "6"]
[White "Belikov, Vladimir"]
[Black "Bologan, Viktor"]
[Result "1-0"]
[WhiteElo "2480"]
[BlackElo "2530"]
[Annotator "Stohl,I"]
[PlyCount "71"]
[EventDate "1995.??.??"]
[EventType "team-tourn"]
[EventRounds "9"]
[EventCountry "RUS"]
[SourceTitle "CBM 051"]
[Source "ChessBase"]
[SourceDate "1996.04.01"]
[SourceVersion "1"]
[SourceVersionDate "1996.04.01"]
[SourceQuality "1"]
[WhiteTeam "Moscow CSKA"]
[BlackTeam "Kazan Sberbank-Tatarstan"]
[WhiteTeamCountry "RUS"]
[BlackTeamCountry "RUS"]

1. e4 g6 2. d4 Bg7 3. Nc3 c6 (3... d6 4. Be3 c6 5. Qd2 b5 6. f3 Qa5 7. g4 Nf6
8. Nge2 h5 9. g5 Nh7 10. Bg2 O-O 11. O-O Nd7 12. f4 Bb7 13. a3 Rfe8 14. f5 Nhf8
15. Nf4 e5 16. fxe6 fxe6 17. Rae1 e5 18. Nfe2 exd4 19. Bxd4 Ne5 20. Nf4 $13 {
Wang Zili-Irzhanov,R/Asian-chT Singapore/1996/}) 4. h3 $5 d6 (4... d5 5. Nf3
dxe4 6. Nxe4 Nd7 7. Bd3 $14 {()}) 5. Be3 Qb6 (5... Nd7 6. Nf3 (6. Qd2 b5 7. g3
Nb6 8. b3 Bb7 9. Bg2 a5 10. Nge2 b4 11. Nd1 c5 12. c3 Nf6 13. f3 bxc3 14. Ndxc3
cxd4 15. Nxd4 O-O 16. Ndb5 d5 17. Rd1 e5 18. exd5 Nbxd5 19. Bc5 Nxc3 20. Qxc3
Nd5 21. Qc4 Qg5 22. Kf2 Rfd8 $17 {Marjanovic-Seret/Thessaloniki ol/1984/}) (6.
g4 Qa5 7. a3 e6 8. Nge2 b5 9. Bg2 d5 10. O-O Ne7 11. Ng3 Qc7 12. f4 Nb6 13. e5
f5 14. Qf3 Bd7 15. b3 a5 16. Rfc1 O-O 17. g5 Rfb8 18. Nd1 Be8 19. Nb2 Bf8 20.
Nd3 Nec8 21. Bf2 Nd7 22. Ne2 Ncb6 $10 {Avgousti,P-Trikaliotis,G/Budva zt/1981/}
) 6... Ngf6 7. e5 Nd5 8. Nxd5 cxd5 9. exd6 exd6 10. Bd3 O-O 11. O-O Nf6 12. c3
Bd7 13. Qb3 Bc6 14. Bg5 Qd7 15. Bxf6 Bxf6 16. Rfe1 Rfe8 17. Rxe8+ Rxe8 18. Re1
Re6 19. Qc2 Kg7 20. Kh2 Qe7 21. Re2 Bd7 22. Qd2 $16 {[%csl Rd5,Rd6] ><d6,d5,
Jansa-Radulov/Warsaw zt-A/1987/}) (5... Qa5 6. f4 Nf6 7. Bd3 e5 8. Qf3 exd4 9.
Bxd4 O-O 10. Nge2 b5 11. O-O b4 12. Nd1 Bb7 13. c3 Nbd7 14. Nf2 c5 15. cxb4
cxb4 16. Nc1 Rfe8 17. Nb3 Qd8 18. Rac1 a5 19. Rfe1 a4 20. Nd2 Nc5 $5 $44 {
Sveshnikov,E-Korotylev,A/St.Petersburg op/1994/}) (5... b5 $5 6. Bd3 (6. f4 b4
7. Nb1 Nf6 8. Nd2 O-O 9. Ngf3 a5 10. Bd3 Nbd7 11. Qe2 e5 12. fxe5 dxe5 13.
O-O-O exd4 14. Bxd4 c5 15. Bf2 Nh5 16. e5 Nf4 17. Qe4 Nxd3+ 18. cxd3 Nxe5 $1
19. Nxe5 Bf5 20. Qf3 Bxe5 21. Nc4 Bd4 $19 {Howell,J-Dunnington,A/Hastings
Masters/1995/}) 6... Nd7 7. Nf3 Nb6 (7... Bb7 8. O-O Qc7 9. Re1 e5 10. dxe5
dxe5 11. a4 b4 12. Nb1 a5 13. Nbd2 Ngf6 14. Nb3 O-O 15. Nfd2 Rfd8 16. Nc4 Ne8
17. Nc5 Nef6 18. Qf3 Bf8 19. Nxb7 Qxb7 20. Rad1 Kg7 21. b3 Qc7 22. Bc1 Ne8 23.
Qg3 f6 24. f4 $36 {Kruppa,Y-Korotylev,A/Alushta3/1994/}) (7... a6 8. a4 b4 9.
Ne2 a5 10. O-O Qc7 11. c3 Ngf6 12. cxb4 axb4 13. Qb3 Qa5 14. Rfc1 Bb7 15. Nd2
O-O 16. Nc4 Qa7 17. e5 Nd5 18. exd6 $36 {Koch,JR-Todorcevic,M/Marseille/1990/})
8. O-O Nf6 9. b3 O-O 10. Qd2 Qc7 11. Bh6 e5 12. Ne2 Re8 13. Ng3 Bd7 14. Rfd1 c5
15. Bxg7 Kxg7 16. dxc5 dxc5 17. Bf1 c4 18. Qe3 Rac8 19. Nh4 Ng8 20. Rd2 f6 21.
Rad1 Be6 22. Be2 Qc5 23. Nf1 Qxe3 24. Nxe3 Nh6 25. Bg4 $10 {1/2/Yusupov,
A-Seirawan,Y/Barcelona WCup/1989/}) 6. Rb1 (6. a3 Nf6 7. Bd3 O-O 8. Nf3 Qc7 9.
Qd2 Nbd7 10. Bh6 c5 11. Bxg7 Kxg7 12. O-O a6 13. Rae1 cxd4 14. Nxd4 b5 15. Kh1
Bb7 16. f4 Qb6 17. Nde2 Rac8 18. Ng3 Qc5 19. Nce2 Nb6 20. c3 d5 21. Nd4 dxe4
22. Nxe4 Bxe4 23. Bxe4 $10 {Kruppa,Y-Iordachescu,V/Nikolaev zt /1995/}) 6...
Qc7 7. f4 $1 {[%csl Gd4,Ge4,Gf4] [+]} b5 8. Nf3 b4 9. Ne2 Nf6 10. Ng3 Nbd7 11.
Bd3 $14 e5 $6 (11... c5 12. c3 $5 Qa5 13. Qd2 bxc3 14. bxc3 cxd4 15. cxd4 Qxd2+
16. Kxd2 {[%cal Yh1c1,Gc1c7,Gb1b7] /\Rhc1,<->c,b,()}) 12. dxe5 dxe5 13. f5 {
[%csl Rc4] |^>>,><c4 In this position White has a clear-cut initiative on the
King-side, while on the other flank Black has no effective counterplay, as
White controls c4.} c5 14. Qe2 Nb6 15. Bb5+ Bd7 16. fxg6 (16. O-O $36) 16...
hxg6 (16... fxg6 17. Ng5 $1 $36) 17. Ng5 Bxb5 (17... O-O 18. Bxd7 Nfxd7 19. O-O
{[%cal Gf1f7] -17...Bb5,-><->f}) 18. Qxb5+ Nfd7 19. O-O O-O 20. Qe2 {[%cal
Ye2g4,Yg4h4] /\Qg4-h4} Nf6 $8 21. Rf3 Nh7 (21... Nbd7 22. Rbf1 c4 23. h4 $40)
22. Rbf1 Nxg5 23. Bxg5 Rae8 24. h4 $1 $16 Qd7 25. Be3 {Gaining an important
tempo by attacking the c5-pawn.} Rc8 26. h5 Qe6 (26... Qg4 27. h6 Bh8 28. h7+
Kg7 29. Rxf7+ $18) 27. h6 Bh8 28. h7+ $1 $18 Kxh7 $8 (28... Kg7 29. Nf5+ gxf5
30. Rg3+ Kf6 31. Bg5+ $18) 29. Nf5 $1 Nd7 (29... Bf6 30. Rh3+ Kg8 31. Nh6+ Kg7
32. Ng4 $18) 30. Rh3+ Kg8 31. Qg4 {White's attack plays itself.} (31. Nh6+ Kg7
32. Ng4 Kg8) 31... Bf6 $8 (31... Rfe8 32. Qh4 Bf6 33. Qh7+ Kf8 34. Qh8+ $1) 32.
Nh6+ Kg7 33. Nf5+ Kg8 34. Bg5 Rfe8 (34... Bxg5 35. Qxg5 {[%cal Rh3h8] /\Rh8!+-}
) 35. Bxf6 Nxf6 36. Qg5 {[%cal Rh3h8,Rf5h6,Rg5h6] /\Rh8!,Qh6,Nh6... Such an
irresistible concentration of attacking forces is rarely seen.} 1-0

[Event "Prague Chip"]
[Site "Prague"]
[Date "1992.??.??"]
[Round "5"]
[White "Keitlinghaus, Ludger"]
[Black "Vokac, Marek"]
[Result "1/2-1/2"]
[WhiteElo "2440"]
[BlackElo "2450"]
[Annotator "Stohl,I"]
[PlyCount "89"]
[EventDate "1992.01.??"]
[EventType "tourn"]
[EventRounds "13"]
[EventCountry "CZE"]
[EventCategory "11"]
[SourceTitle "CBM 027"]
[Source "ChessBase"]
[SourceDate "1992.04.01"]
[SourceVersion "1"]
[SourceVersionDate "1992.04.01"]
[SourceQuality "1"]

1. e4 g6 2. d4 Bg7 3. Nc3 d5 $5 (3... a6 $5 4. a4 (4. f4 d5 $5 5. e5 h5 $13)
4... d6 5. h3 e6 6. g3 b6 7. Bg2 Bb7 8. Nge2 Ne7 9. O-O O-O 10. Be3 Nd7 11. Qd2
Re8 12. Rad1 Qc8 13. Kh2 f5 $132 {Marinkovic,S-Kostadinov,R,Beograd II 1990})
4. exd5 Nf6 5. Bc4 (5. Nf3 O-O 6. Be2 Nxd5 7. Nxd5 Qxd5 8. O-O c6 (8... Nc6
$142 $5 9. Be3 e5 10. c4 Qd6 11. d5 Ne7 $132) 9. Be3 Nd7 10. c4 Qd6 11. h3 e5
12. dxe5 Qxd1 13. Raxd1 Nxe5 14. Nd4 Re8 15. Rd2 $14 {Vokler,B-Kunze,K,FRG Cup
f 1991-CBM 24}) (5. Bb5+ Nbd7 6. Nf3 (6. Nge2 $5 {/\Nf4}) 6... O-O 7. O-O Nb6
8. Re1 Nbxd5 9. Nxd5 Nxd5 10. h3 Qd6 11. c3 c5 $6 (11... b6 $5 $14 {()}) 12.
dxc5 Qxc5 13. Ba4 Nb6 14. Bb3 Qc7 15. Qe2 Bf6 16. Bh6 Rd8 17. Ng5 $36 {
Lederman,L-Vydeslaver,A,Beer-sheva II 1991}) 5... Nbd7 6. Bg5 $1 (6. Nf3 O-O (
6... Nb6 7. Bb3 a5 8. a3 a4 9. Ba2 Nbxd5 10. Nxd5 Nxd5 11. O-O O-O 12. h3 c6
13. Re1 b5 14. Bg5 Be6 15. Bxd5 Qxd5 $5 16. Bxe7 Rfe8 $146 {Van der Wiel,
J-Sznapik,A,Novi Sad olm 1990-TD 90_06}) 7. O-O Nb6 8. Bb3 a5 9. a4 Nbxd5 10.
Nxd5 Nxd5 11. Re1 Bg4 $1 12. h3 Bxf3 13. Qxf3 e6 14. Qg4 c6 15. Bg5 Qb6 16.
Rad1 h6 $10 {Bashkov,V-Vokac,M,Ostrava 1991-CBM 26}) 6... Nb6 7. Bxf6 Bxf6 8.
Bb3 (8. Bb5+ $6 Bd7 $10) 8... a5 $5 {N} (8... c6 $6 9. dxc6 Qxd4 10. Qxd4 Bxd4
11. Nge2 $1 (11. Nb5 Bxb2 12. Rb1 Be5 13. Nf3 Bd6 $10) (11. cxb7 Bxb7 $146)
11... Bxc3+ 12. Nxc3 bxc6 13. O-O-O Ba6 14. Rhe1 e6 15. Re5 Ke7 16. Ne4 Nd7 17.
Ra5 Bc8 18. Ba4 $16 {Aseev,K-Schulz,Ka,FRG-Cup f 1991-CBM 24}) 9. a4 (9. a3 $5
a4 10. Ba2 $14) 9... O-O 10. Nge2 c6 11. dxc6 (11. Nf4 Qd6 $146 12. Qd2) 11...
bxc6 12. O-O Ba6 13. Re1 Nc4 14. Rb1 $6 (14. Ne4 $1 Nxb2 (14... Bg7 15. Rb1 {
/\Nc5|^}) 15. Nxf6+ exf6 16. Qd2 Nc4 $8 17. Qc3 $16) 14... Nd6 $1 $132 15. Qd2
(15. d5 c5 {/\c4ץa2}) 15... Rb8 16. Rbd1 Bc4 17. Nc1 $8 (17. Bxc4 Nxc4 $10)
17... e6 {/\Bg5} 18. Ne4 Nxe4 19. Rxe4 Qd5 20. Ree1 Bxb3 21. Nxb3 Rb4 $146 22.
g3 Rd8 $5 (22... Rxa4 23. Ra1 Rxa1 24. Rxa1 c5 25. dxc5 Qxd2 26. Nxd2 Bxb2 27.
Ra2 $14) 23. Qf4 Kg7 24. Qc7 Rd7 $8 (24... Rxa4 25. Nc5 $1 Rxd4 26. Rxd4 $18 {
/\Ne6}) 25. Qxa5 Qxa5 26. Nxa5 Rxb2 (26... Rxa4 $2 27. Nxc6 Rc4 28. Ne5 Bxe5
29. dxe5 Rxd1 30. Rxd1 Rxc2 31. Rb1 $16 {_|_}) 27. c3 (27. Nxc6 $5 Rxc2 28. Rc1
Rxc1 (28... Ra2 29. Ra1 Rxa1 30. Rxa1 Rc7 31. Ne5 $16) 29. Rxc1 Bxd4 30. Nxd4
Rxd4 31. Ra1 Rd6 $14) 27... Ra7 28. Nxc6 Rxa4 $10 29. Ne5 Bxe5 (29... Raa2 $6
30. Nd3 $14) 30. dxe5 (30. Rxe5 Raa2 31. Rf1 Rc2 $10) 30... Raa2 31. Rf1 g5 $1
{><e5} 32. c4 Ra5 33. Rc1 (33. f4 $2 Raa2 $17) (33. Rfe1 Raa2 $10) 33... Rxe5
34. c5 Rb7 35. c6 Rc7 36. Rc2 Rb5 37. g4 Rb4 38. h3 Kf6 (38... h5 $5 39. gxh5
Kh6 40. Rd1 Kxh5 41. Rd7 Rxd7 42. cxd7 Rd4 43. Rc7 Kg6 44. Kg2 $10) 39. Kg2 Rb5
40. Rd1 Ke7 41. Rd3 Rd5 42. Rb3 Kd6 43. Rb8 $1 $132 Rxc6 44. Rxc6+ Kxc6 45. Rh8
1/2-1/2

[Event "Horgen-B"]
[Site "Horgen"]
[Date "1995.??.??"]
[Round "3"]
[White "Almasi, Zoltan"]
[Black "Hodgson, Julian M"]
[Result "1-0"]
[WhiteElo "2630"]
[BlackElo "2590"]
[Annotator "Stohl,I"]
[PlyCount "51"]
[EventDate "1995.10.??"]
[EventType "tourn"]
[EventRounds "9"]
[EventCountry "SUI"]
[EventCategory "11"]
[SourceTitle "CBM 050"]
[Source "ChessBase"]
[SourceDate "1996.02.01"]
[SourceVersion "1"]
[SourceVersionDate "1996.02.01"]
[SourceQuality "1"]

1. e4 g6 2. d4 Bg7 3. Nc3 c6 4. f4 (4. Bc4 d5 (4... d6 $142 5. Nf3 Nf6 {-B08})
5. exd5 b5 6. Bb3 b4 7. Nce2 cxd5 8. Bd2 a5 (8... Na6 9. a3 bxa3 10. Rxa3 Nc7
11. Nf3 (11. Ba5 e6 12. Qd2 Bd7 13. Nf3 Ne7 14. Ne5 O-O 15. h4 Be8 16. h5 f6
17. Ng4 gxh5 18. Nh6+ Kh8 19. Ng3 Nc6 20. Nxh5 Bxh5 21. Rxh5 Nxa5 22. Rxa5 f5
23. g4 Qe8 24. Rh4 Qg6 $13 {Sorokin,M-Poley,V/Katowice op/1992/}) 11... Nf6 12.
Ne5 O-O 13. Bb4 Ba6 14. O-O Re8 15. Re1 e6 16. Nc3 Bf8 17. Nc6 Qc8 18. Bxf8
Kxf8 19. Qf3 Kg7 20. Rea1 Qb7 21. Ne5 Qb6 22. Qf4 Re7 23. Na4 Qd6 24. Nc5 $16 {
[%cal Re5g6] /\Ng6!,Kudrin,S-Gufeld,E/Kusadasi op/1990/}) (8... Nc6 9. Ba4 Bd7
10. Bxc6 Bxc6 11. Bxb4 Qb6 12. c3 a5 13. Ba3 Bb5 14. Nh3 Qa6 15. Nhf4 Nf6 16.
Nc1 Bh6 17. Ncd3 e5 18. dxe5 O-O-O 19. Qf3 Rhe8 20. Qh3+ Rd7 21. Qxh6 Bxd3 22.
O-O-O Ng4 23. Qh4 Nxe5 24. Rhe1 Bf5 25. Re3 $16 {Ginzburg,M-Madina,M/Buenos
Aires op/1995/}) 9. a3 bxa3 10. Rxa3 e6 11. Ba4+ Bd7 12. Bxd7+ Qxd7 13. Rxa5
Rxa5 14. Bxa5 Nc6 15. Bc3 Nf6 16. Nf3 Ne4 17. O-O O-O 18. Bd2 Rb8 19. Bc1 Qa7
20. c3 $14 {Dreev,A-Schneider,B/EU-Cup f/1991/}) (4. h4 h5 5. Nf3 d5 6. e5 Bg4
7. Be2 Nh6 8. Bf4 e6 9. Qd2 Nf5 10. Bg5 Qa5 11. b4 $6 Qxb4 12. Rb1 Qa5 13. Rxb7
Bxf3 14. gxf3 O-O 15. O-O a6 16. f4 c5 17. dxc5 Nc6 18. Rfb1 Rac8 19. Bd3 Ncd4
20. Kg2 Rxc5 $17 {Shmuter,L-Finkel,A/Rishon le Zion YM /1995/}) (4. Nf3 Nf6 5.
e5 $5 Nd5 6. Ne4 O-O 7. c4 Nc7 8. Be3 d6 9. Be2 Bg4 10. exd6 exd6 11. Qb3 d5
12. Nc3 dxc4 13. Qxb7 Nba6 14. Qxc6 Nb4 15. Qa4 Nd3+ 16. Bxd3 cxd3 17. Ne5 Bf5
18. O-O h5 19. Rfd1 Bxe5 20. dxe5 $14 {Martorelli,A-Nurkic,S/Formia op/1995/})
4... Qb6 (4... Nf6 $6 5. Nf3 (5. e5 Nd5 6. Nxd5 cxd5 7. Nf3 O-O 8. Bd3 d6 9.
O-O Nc6 (9... Bg4 10. c3 Nd7 11. h3 Bxf3 12. Qxf3 e6 13. Be3 f5 14. Kh1 Rc8 15.
Rae1 dxe5 16. fxe5 a6 17. g4 Qh4 18. gxf5 gxf5 19. Rg1 Qd8 20. Bh6 Rf7 21. Bxf5
$1 Kf8 22. Bxg7+ Rxg7 23. Rxg7 Kxg7 24. Rg1+ Kh8 25. Qg4 {1-0/Moiseev-Mira/
Oberwart/1991/}) 10. c3 Bg4 11. Qb3 Bxf3 12. Rxf3 Qb6 13. Qxb6 axb6 $14 {
1/2/Becker,Mi-Komljenovic,L/2.BLO 9394/1994/}) 5... O-O 6. Bd3 d5 7. e5 Ne8 8.
h3 c5 9. dxc5 Qa5 10. Be2 Nc7 11. Be3 Nc6 12. Nd2 Ne6 13. Nb3 Qc7 14. Nxd5 {
1-0/Fischer,A-Kersting,H/Bad Ragaz op/1994/}) 5. Nf3 d5 $5 6. e5 {[%csl Gd4,
Ge5] White doesn't accept the sacrifice and a blockaded position of a French
type with a wedge on e5 arises.} (6. exd5 $5 Bg4 7. h3 (7. dxc6 Nxc6 8. d5 Nd4
$44) 7... Bxf3 8. Qxf3 Bxd4 9. Bd2 Nf6 10. Na4 Qc7 11. c3 Bb6 12. dxc6 bxc6 13.
Bc4 O-O 14. Nxb6 axb6 15. O-O b5 16. Bb3 e6 17. Rae1 Nbd7 18. Be3 c5 19. a3 Nb6
20. f5 $1 exf5 21. Bg5 Ne4 22. Rxe4 fxe4 23. Qf6 Nc4 24. Bxc4 {[%cal Rg5h6] /
\Bh6,1-0/Martin,A-Jansson,J/Gausdal Arnold-Cup/1990/}) 6... Bg4 7. Be2 Bxf3 8.
Bxf3 {()} Nd7 9. Qd3 e6 10. Bd2 Ne7 (10... c5 $6 11. Na4 Qc6 12. Nxc5 Nxc5 13.
dxc5 Qxc5 14. a3 $1 Rc8 15. Rc1 $36 {[%csl Gd2,Gf3][%cal Yd2b4,Yd2e3] ^^,/\Bb4,
Be3}) 11. g4 $5 (11. O-O-O Nf5 12. Ne2 h5 (12... c5 $5) 13. g3 c5 $13) (11. Na4
Qb5 12. Qxb5 cxb5 13. Nc3 a6 14. a4 b4 15. Ne2 Nc6 $10) 11... c5 12. Na4 Qc7
13. Nxc5 Nxc5 14. dxc5 {[%csl Gd2,Gf3] The ^^ in this position isn't too
active, but Black will be forced to open th play and then the Bishops can show
their strength.} g5 $5 (14... Qxc5 15. Qb3 $14) 15. Qb5+ Nc6 (15... Qc6 16.
Qxc6+ Nxc6 17. fxg5 $16) 16. c4 $1 (16. fxg5 $2 Qxe5+ 17. Be2 O-O-O $40 {
[%cal Rc6d4] /\Nd4}) 16... O-O-O (16... gxf4 $5 17. cxd5 exd5 (17... Qxe5+ $2
18. Kd1 Qxb2 19. Qxb2 Bxb2 20. dxc6 Bxa1 21. cxb7 Rb8 22. c6 Be5 23. Ba5 $18)
18. O-O-O $5 (18. Bxd5 O-O-O $5 (18... Qxe5+ 19. Qe2 $14) 19. Bxc6 bxc6 (19...
Qxe5+ 20. Kf1 Rxd2 21. Bxb7+ Kc7 22. Qa5+ Kxb7 23. Qxd2 $18) 20. Qa6+ Kb8 $13)
(18. Bxf4 Bxe5 19. Bxe5 Qxe5+ 20. Qe2 O-O-O $10) 18... O-O-O 19. Bxf4 Bxe5 $10)
17. cxd5 exd5 18. O-O-O {The positions of Kc1, resp.Kc8 are rather shaky, but
there was no better place for either King.} Nd4 $6 (18... gxf4 $142 {-16...gxf4
}) 19. Qd3 Ne6 $2 {Underestimating the Bishops.} (19... Nxf3 20. Qxf3 gxf4 21.
Qa3 $5 (21. Bxf4 Bxe5 22. Bxe5 Qxe5 23. Rhe1 (23. Qxf7 Rhf8 24. Qh5 $8 Qxh5 25.
gxh5 Rf5 $10) 23... Qxh2 24. Qxf7 $14) 21... Kb8 (21... Qxe5 22. Rhe1 Qf6 23.
g5 $36) 22. Kb1 (22. Ba5 $2 b6) 22... Qxe5 23. Rhe1 $44) (19... Qxc5+ $2 20.
Kb1 {[%cal Rd2e3,Rd1c1] /\Rc1,Be3}) 20. Kb1 Kb8 (20... gxf4 21. Qa3 Qxe5 22.
Bc3 d4 23. Qxa7 $18 {->}) (20... Nxf4 21. Qa3 $40) (20... Nxc5 21. Qa3 $18 {
[%cal Rd1c1] /\Rc1}) 21. Qa3 $1 $18 Nxf4 (21... Qxc5 22. Bb4 Qc6 23. Bd6+ $18)
22. Ba5 {Black will have a pawn for the exchange, but as the weak Pd5 will
fall soon, he is lost.} Qxe5 23. Bxd8 Rxd8 24. Qb3 {[%cal Rc5c6] /\c6} Qf6 25.
Rd2 Re8 $6 (25... Qc6 26. Rhd1 Qxc5 27. Bxd5 Nxd5 28. Rxd5 Rxd5 29. Qxd5 $18)
26. Bxd5 (26. Bxd5 Nxd5 27. Qxd5 {[%cal Rd5d6] /\Qd6+-}) 1-0